Normal view
MARC view
- Great Britain.
Entry Corporate Name
001 - CONTROL NUMBER
- control field: 83067
003 - CONTROL NUMBER IDENTIFIER
- control field: NUST
005 - DATE AND TIME OF LATEST TRANSACTION
- control field: 20211012124948.0
008 - FIXED-LENGTH DATA ELEMENTS
- fixed length control field: 211012|| aca||aabn | a|a d
040 ## - CATALOGING SOURCE
- Original cataloging agency: NUST
- Transcribing agency: NUST
110 ## - HEADING--CORPORATE NAME
- Corporate name or jurisdiction name as entry element: Great Britain.
- Subordinate unit: National Coal Board.
- Subordinate unit: Industrial Training Branch
670 ## - SOURCE DATA FOUND
- Source citation: Work cat.: (NUST)32816: Agrawal, Basant. 83066, Basic mechanical engineering /, 1977.
